|
|
|
|
| LEADER |
01344nam a2200385Ia 4500 |
| 001 |
EBC282100 |
| 003 |
MiAaPQ |
| 005 |
20200520144314.0 |
| 006 |
m o d | |
| 007 |
cr cn||||||||| |
| 008 |
061003s2007 enka s 001 0 eng d |
| 020 |
|
|
|z 0750683058 (pbk.)
|
| 020 |
|
|
|z 9780750683050 (pbk.)
|
| 020 |
|
|
|z 9780080467054
|
| 035 |
|
|
|a (MiAaPQ)EBC282100
|
| 035 |
|
|
|a (Au-PeEL)EBL282100
|
| 035 |
|
|
|a (CaPaEBR)ebr10155849
|
| 035 |
|
|
|a (CaONFJC)MIL72961
|
| 035 |
|
|
|a (OCoLC)437175622
|
| 040 |
|
|
|a MiAaPQ
|c MiAaPQ
|d MiAaPQ
|
| 050 |
|
4 |
|a HD61
|b .C446 2007
|
| 100 |
1 |
|
|a Chorafas, Dimitris N.
|
| 245 |
1 |
0 |
|a Stress testing for risk control under Basel II
|h [electronic resource] /
|c Dimitris N. Chorafas.
|
| 250 |
|
|
|a 1st ed.
|
| 260 |
|
|
|a Oxford ;
|a Burlington, MA :
|b Butterworth-Heinemann,
|c 2007.
|
| 300 |
|
|
|a xxiii, 330 p. :
|b ill.
|
| 490 |
1 |
|
|a Elsevier finance
|
| 500 |
|
|
|a Includes index.
|
| 533 |
|
|
|a Electronic reproduction. Ann Arbor, MI : ProQuest, 2015. Available via World Wide Web. Access may be limited to ProQuest affiliated libraries.
|
| 650 |
|
0 |
|a Financial risk management.
|
| 650 |
|
0 |
|a Risk management.
|
| 655 |
|
4 |
|a Electronic books.
|
| 710 |
2 |
|
|a ProQuest (Firm)
|
| 830 |
|
0 |
|a Elsevier finance.
|
| 856 |
4 |
0 |
|u https://ebookcentral.proquest.com/lib/matrademy/detail.action?docID=282100
|z Click to View
|